[Event "7th Sunway Sitges 2020"]
[Site "Sitges ESP"]
[Date "2020.12.20"]
[Round "7.17"]
[White "Boyer, Mahel"]
[Black "Dragnev, Valentin"]
[Result "1-0"]
[WhiteTitle "FM"]
[BlackTitle "GM"]
[WhiteElo "2307"]
[BlackElo "2564"]
[WhiteFideId "45102422"]
[BlackFideId "1634852"]
[EventDate "2020.12.13"]

1. d4 Nf6 2. c4 e6 3. Nf3 d5 4. Nc3 Be7 5. g3 Nbd7 6. Bg2 O-O 7. O-O dxc4 8. a4
c6 9. a5 Nd5 10. Qc2 b5 11. axb6 N7xb6 12. Ne5 Nb4 13. Qb1 Bb7 14. Rd1 Qc8 15.
Ne4 f6 16. Nf3 Rd8 17. Bd2 a5 18. Bh3 Kh8 19. Nc5 Bxc5 20. dxc5 N6d5 21. Qe4 Re8
22. Qxc4 Ba6 23. Qe4 Qc7 24. Bxb4 f5 25. Qe5 Qxe5 26. Nxe5 Nxb4 27. e4 fxe4 28.
Rxa5 Be2 29. Rda1 Rxa5 30. Rxa5 h6 31. Nf7+ Kh7 32. Nd6 Re7 33. Ra4 Nd3 34. Rxe4
Bf3 35. Re3 Ra7 36. Rxf3 Ra1+ 37. Bf1 1-0

[Event "7th Sunway Sitges 2020"]
[Site "Sitges ESP"]
[Date "2020.12.20"]
[Round "7.18"]
[White "Dalaud, Dorian"]
[Black "Garriga Cazorla, Pere"]
[Result "1/2-1/2"]
[BlackTitle "IM"]
[WhiteElo "2291"]
[BlackElo "2487"]
[WhiteFideId "36093270"]
[BlackFideId "32011601"]
[EventDate "2020.12.13"]

1. e4 c5 2. Nc3 Nc6 3. Bb5 Nd4 4. Nf3 Nxb5 5. Nxb5 d6 6. d4 Nf6 7. Nc3 cxd4 8.
Qxd4 e5 9. Qd3 h6 10. Nd2 Be6 11. Nc4 Rc8 12. Ne3 Qc7 13. O-O a6 14. Rd1 Be7 15.
Bd2 Qc5 16. Be1 O-O 17. a4 Rfe8 18. a5 Qc6 19. Ncd5 Bxd5 20. exd5 Qd7 21. c4 g6
22. b4 Bf8 23. Rac1 Nh5 24. Qa3 Nf4 25. Rc2 e4 26. c5 Nd3 27. c6 bxc6 28. Qa4
Qe7 29. dxc6 Qg5 30. c7 Re7 31. Qc6 Rcxc7 32. Qxa6 Rxc2 33. Nxc2 d5 34. Qb6 Nf4
35. Ne3 Re6 36. Qb5 d4 37. Qxg5 hxg5 38. Nc4 Rc6 39. Ne5 Rc2 40. Ra1 Nd5 41. a6
Nc7 42. a7 d3 43. b5 Bc5 44. Nd7 Bxa7 45. Nf6+ Kg7 46. Nxe4 Nxb5 47. Rd1 g4 48.
Kf1 f5 49. Ng3 f4 50. Ne4 Rc4 51. Rxd3 Rxe4 52. Rd5 Bxf2 53. Kxf2 Na3 54. Bc3+
Kf7 55. Rg5 Rc4 56. Be5 Ke6 57. Bb8 Rb4 58. Bc7 Kf6 59. Bd8+ Ke6 60. Rxg6+ Kf5
61. Rg5+ Ke4 62. Rxg4 Rb2+ 63. Kg1 Nc4 64. Bc7 Ne3 65. Rxf4+ Kd3 66. h4 Rxg2+
67. Kh1 Rg4 68. h5 Rxf4 69. Bxf4 Ng4 70. Kg2 Ke4 71. Bg5 Kf5 72. Bh4 Nf6 73. h6
Kg6 74. Bxf6 Kxh6 1/2-1/2

[Event "7th Sunway Sitges 2020"]
[Site "Sitges ESP"]
[Date "2020.12.20"]
[Round "7.19"]
[White "Maurizzi, Marc Andria"]
[Black "Ootes, Lars"]
[Result "1-0"]
[WhiteTitle "IM"]
[BlackTitle "IM"]
[WhiteElo "2445"]
[BlackElo "2373"]
[WhiteFideId "36083534"]
[BlackFideId "1019708"]
[EventDate "2020.12.13"]

1. d4 d6 2. g3 g6 3. Bg2 Bg7 4. Nf3 Nd7 5. c4 e5 6. Nc3 Ne7 7. O-O O-O 8. e4
exd4 9. Nxd4 Nc6 10. Nde2 Nc5 11. Be3 a5 12. h3 a4 13. Nd4 Bxd4 14. Bxd4 Be6 15.
Nd5 Bxd5 16. cxd5 Nxd4 17. Qxd4 Qg5 18. Rac1 Rfe8 19. Rc3 Qe5 20. Qc4 Nxe4 21.
Re1 f5 22. Qxc7 Qxd5 23. Rcc1 Rad8 24. Qb6 Qf7 25. Bf1 d5 26. Bb5 Qe6 27. Qd4
Rf8 28. Bxa4 Qf6 29. Qxf6 Rxf6 30. Rc7 Rf7 31. Rec1 Rdf8 32. Bd7 Ng5 33. Rxb7
Rd8 34. Rcc7 d4 35. Be6 Nxe6 36. Rxf7 Nc5 37. Rg7+ Kf8 38. Rbf7+ Ke8 39. Rg8+
Kxf7 40. Rxd8 1-0

[Event "7th Sunway Sitges 2020"]
[Site "Sitges ESP"]
[Date "2020.12.20"]
[Round "7.20"]
[White "Antova, Gabriela"]
[Black "Gatineau, Yovann"]
[Result "1/2-1/2"]
[WhiteTitle "FM"]
[BlackTitle "IM"]
[WhiteElo "2247"]
[BlackElo "2423"]
[WhiteFideId "2915235"]
[BlackFideId "26028999"]
[EventDate "2020.12.13"]

1. d4 f5 2. Nf3 Nf6 3. Bf4 d6 4. h3 h6 5. e3 g5 6. Bh2 Bg7 7. c4 e6 8. Nc3 Qe7
9. Be2 Nc6 10. Rc1 O-O 11. a3 e5 12. c5 f4 13. cxd6 cxd6 14. d5 Nd8 15. Nd2 fxe3
16. fxe3 h5 17. Nc4 g4 18. Bg3 Bh6 19. Qb3 gxh3 20. gxh3 Kh8 21. Bh4 Bf5 22. Qb4
Bg6 23. Rf1 Kg7 24. Kd2 Ne4+ 25. Nxe4 Qxh4 26. Rxf8 Qxe4 27. Qxd6 Qd4+ 28. Ke1
Qh4+ 29. Kd2 Qd4+ 30. Ke1 Qh4+ 31. Kd2 Qd4+ 1/2-1/2

[Event "7th Sunway Sitges 2020"]
[Site "Sitges ESP"]
[Date "2020.12.20"]
[Round "7.21"]
[White "Alvarez Albiol, Victor"]
[Black "Martin Duque, Jesus"]
[Result "0-1"]
[BlackTitle "IM"]
[WhiteElo "2206"]
[BlackElo "2414"]
[WhiteFideId "32065930"]
[BlackFideId "2208954"]
[EventDate "2020.12.13"]

1. e4 c5 2. Nf3 e6 3. d4 cxd4 4. Nxd4 Nc6 5. Nc3 Qc7 6. f4 Nxd4 7. Qxd4 a6 8.
Be3 b5 9. O-O-O Bb7 10. Bd3 Rc8 11. Kb1 Nf6 12. h3 b4 13. Na4 d5 14. e5 Nd7 15.
b3 Bc6 16. Qa7 Bxa4 17. bxa4 Bc5 18. Qxc7 Rxc7 19. Bd2 O-O 20. a5 Be7 21. Be3
Nc5 22. Bd4 Na4 23. Rde1 Bc5 24. Ba1 Nc3+ 25. Bxc3 bxc3 26. Kc1 Rb8 27. Kd1 Be3
28. f5 exf5 29. Bxf5 Bd2 30. Ref1 Re7 31. e6 g6 32. Bg4 f5 33. Bf3 Rxe6 0-1

[Event "7th Sunway Sitges 2020"]
[Site "Sitges ESP"]
[Date "2020.12.20"]
[Round "7.22"]
[White "Vlachos, Anatole"]
[Black "Garcia Martin, Marta"]
[Result "1-0"]
[WhiteTitle "IM"]
[BlackTitle "IM"]
[WhiteElo "2413"]
[BlackElo "2342"]
[WhiteFideId "26093189"]
[BlackFideId "32084030"]
[EventDate "2020.12.13"]

1. e4 e5 2. Nf3 Nc6 3. Bb5 a6 4. Ba4 Nf6 5. O-O Be7 6. Re1 b5 7. Bb3 d6 8. c3
Na5 9. Bc2 c5 10. d4 Qc7 11. h3 Bd7 12. d5 Nc4 13. b3 Nb6 14. Nbd2 a5 15. a4 c4
16. bxc4 bxa4 17. Ba3 Nxc4 18. Nxc4 Qxc4 19. Re3 Rb8 20. Rb1 Rxb1 21. Qxb1 Qb5
22. Qa2 Qa6 23. c4 O-O 24. Nxe5 Rc8 25. Nxd7 Nxd7 26. Bxa4 Ne5 27. Bb5 Qb6 28.
Bb2 Bf6 29. Bc3 Ra8 30. Kh1 Qc5 31. Qa1 a4 32. Qa2 a3 33. Be1 Bg5 34. Rb3 h6 35.
Bb4 Qd4 36. Bxd6 Qd1+ 37. Kh2 Bf4+ 38. g3 Qxb3 39. Qxb3 a2 40. Qxa2 Rxa2 41.
gxf4 Nd3 42. Kg3 Rc2 43. Kf3 g5 44. fxg5 hxg5 45. Ke3 Nf4 46. c5 f5 47. c6 fxe4
48. Kxe4 1-0

[Event "7th Sunway Sitges 2020"]
[Site "Sitges ESP"]
[Date "2020.12.20"]
[Round "7.23"]
[White "Svoboda, Vaclav2"]
[Black "Exposito Amaro, Josue"]
[Result "1/2-1/2"]
[BlackTitle "FM"]
[WhiteElo "2407"]
[BlackElo "2273"]
[WhiteFideId "323551"]
[BlackFideId "2223198"]
[EventDate "2020.12.13"]

1. d4 f5 2. g3 e6 3. Bg2 Nf6 4. Nf3 Be7 5. c4 d6 6. Nc3 O-O 7. O-O Ne4 8. Qc2
Nxc3 9. Qxc3 a5 10. Re1 Nc6 11. e4 e5 12. exf5 exd4 13. Nxd4 Nxd4 14. Qxd4 Bxf5
15. Bf4 Kh8 16. Rad1 Bf6 17. Qd2 Qc8 18. Bg5 Bg4 19. Rc1 Qf5 20. Bxf6 Qxf6 21.
Rc3 Rab8 22. h3 Be6 23. Rf3 Qg6 24. Rxf8+ Rxf8 25. Qe2 Bd7 26. Qd2 Qf6 27. Re3
b6 28. Qe2 Qd8 29. Be4 h6 30. Qh5 Be8 31. Qg4 Qd7 32. Qh4 Bf7 33. Rf3 Re8 34.
Qf4 Bg8 35. h4 Qa4 36. Bg6 Re1+ 37. Kg2 Qd1 38. Rd3 Rg1+ 39. Kh2 Rh1+ 40. Kg2
Rg1+ 41. Kh2 Rh1+ 42. Kg2 1/2-1/2

[Event "7th Sunway Sitges 2020"]
[Site "Sitges ESP"]
[Date "2020.12.20"]
[Round "7.24"]
[White "Romanishin, Oleg M"]
[Black "Peycheva, Gergana"]
[Result "1/2-1/2"]
[WhiteTitle "GM"]
[BlackTitle "FM"]
[WhiteElo "2402"]
[BlackElo "2257"]
[WhiteFideId "14100088"]
[BlackFideId "2916711"]
[EventDate "2020.12.13"]

1. d4 d5 2. Nf3 Nf6 3. c4 e6 4. g3 dxc4 5. Bg2 a6 6. Ne5 Bb4+ 7. Nc3 Nd5 8. Bd2
b5 9. O-O Bxc3 10. bxc3 f6 11. e4 Ne7 12. Ng4 c6 13. a4 Bb7 14. Ne3 O-O 15. Qb1
Qc7 16. Bc1 Re8 17. Ba3 Nd7 18. Rd1 Rab8 19. h4 Nb6 20. Qc2 Rbd8 21. Bb4 Kh8 22.
Ba5 Nec8 23. Rab1 Qf7 24. Kh2 Rd7 25. Ra1 Qg6 26. Bh3 h6 27. f4 Qf7 28. Bg2 Nxa4
29. Rxa4 bxa4 30. Qxa4 1/2-1/2

[Event "7th Sunway Sitges 2020"]
[Site "Sitges ESP"]
[Date "2020.12.20"]
[Round "7.25"]
[White "Kanov, Nikola"]
[Black "Ayats Llobera, Gerard"]
[Result "0-1"]
[WhiteTitle "CM"]
[BlackTitle "IM"]
[WhiteElo "2079"]
[BlackElo "2400"]
[WhiteFideId "2928531"]
[BlackFideId "32067607"]
[EventDate "2020.12.13"]

1. e4 c5 2. Nf3 Nc6 3. d4 cxd4 4. Nxd4 Nf6 5. Nc3 e6 6. Nxc6 bxc6 7. e5 Nd5 8.
Ne4 Qc7 9. f4 Qb6 10. c4 Bb4+ 11. Ke2 f5 12. exf6 Nxf6 13. Be3 Qd8 14. Nd6+ Bxd6
15. Qxd6 Bb7 16. Rd1 Rc8 17. Rg1 c5 18. Qe5 Qa5 19. a3 Qa4 20. Rc1 O-O 21. g4
Kh8 22. Ke1 Ne4 23. Rd1 d6 24. Qh5 Qa5+ 25. Ke2 Qb6 26. Bc1 d5 27. Qe5 Rcd8 28.
Bg2 Nd6 29. cxd5 exd5 30. Kf2 Rde8 31. Qh5 c4+ 32. Kg3 g6 33. Qg5 Nf7 34. Qh4
Re3+ 35. Bf3 g5 36. Qh3 gxf4+ 0-1

[Event "7th Sunway Sitges 2020"]
[Site "Sitges ESP"]
[Date "2020.12.20"]
[Round "7.26"]
[White "Valenzuela Gomez, Fernando"]
[Black "Ortega Ruiz, Jose Miguel"]
[Result "1-0"]
[WhiteTitle "IM"]
[BlackTitle "FM"]
[WhiteElo "2390"]
[BlackElo "2251"]
[WhiteFideId "3409392"]
[BlackFideId "2209713"]
[EventDate "2020.12.13"]

1. d4 Nf6 2. c4 e6 3. Nc3 Bb4 4. e3 b6 5. Ne2 Ba6 6. a3 Bxc3+ 7. Nxc3 d5 8. Qf3
O-O 9. g4 c6 10. g5 Nfd7 11. cxd5 cxd5 12. Bxa6 Nxa6 13. h4 Rc8 14. Bd2 Nc7 15.
Rg1 e5 16. h5 Ne6 17. Qxd5 exd4 18. exd4 Qc7 19. Be3 Rfd8 20. Qf3 Qc4 21. Rd1
Re8 22. Rg4 Qb3 23. Rd2 b5 24. Qd1 Rxc3 25. bxc3 Qxc3 26. Kf1 Qxa3 27. d5 Nec5
28. d6 a5 29. Rd5 Ne4 30. Qc2 Nc3 31. Rd3 b4 32. Bd4 Qa1+ 33. Kg2 Re1 34. Bxc3
bxc3 35. Rxc3 Rg1+ 36. Kh2 Rh1+ 37. Kg3 Qg1+ 38. Kf4 Qh2+ 39. Rgg3 Qh4+ 40. Ke3
Re1+ 41. Kd2 Re8 42. Qf5 Nb6 43. Rge3 Rd8 44. Qe5 h6 45. gxh6 Qxf2+ 46. Kc1 Qg1+
47. Re1 Qg4 48. Qxg7+ Qxg7 49. hxg7 Rxd6 50. Rg3 Rc6+ 51. Kb1 Rc8 52. h6 Kh7 53.
Rf1 1-0

[Event "7th Sunway Sitges 2020"]
[Site "Sitges ESP"]
[Date "2020.12.20"]
[Round "7.27"]
[White "Lin, Yingrui"]
[Black "Bin-Suhayl, Ieysaa"]
[Result "1-0"]
[WhiteElo "2387"]
[BlackElo "2193"]
[WhiteFideId "32094272"]
[BlackFideId "429031"]
[EventDate "2020.12.13"]

1. d4 Nf6 2. Nf3 c5 3. d5 e6 4. c4 b5 5. e4 Nxe4 6. Bd3 Nf6 7. Nc3 b4 8. Ne4
Nxe4 9. Bxe4 Bb7 10. dxe6 Bxe4 11. exf7+ Kxf7 12. Ng5+ Qxg5 13. Bxg5 Bc6 14. O-O
Na6 15. Qg4 Bd6 16. Rad1 Be5 17. Rxd7+ Bxd7 18. Qxd7+ Kg6 19. Qe6+ Kxg5 20.
Qxe5+ Kh6 21. Qe6+ 1-0

[Event "7th Sunway Sitges 2020"]
[Site "Sitges ESP"]
[Date "2020.12.20"]
[Round "7.29"]
[White "Sismeiro, Miguel"]
[Black "Cuenca Jimenez, Jose Fernando"]
[Result "0-1"]
[BlackTitle "GM"]
[WhiteElo "2035"]
[BlackElo "2528"]
[WhiteFideId "1950975"]
[BlackFideId "2255570"]
[EventDate "2020.12.13"]

1. e4 e5 2. Nf3 Nc6 3. Bb5 a6 4. Ba4 Nf6 5. d3 b5 6. Bb3 Bc5 7. O-O d6 8. a4 b4
9. c3 O-O 10. Bg5 bxc3 11. bxc3 h6 12. Bxf6 Qxf6 13. Bd5 Bd7 14. Nbd2 Rab8 15.
Bxc6 Bxc6 16. Qe2 Rb2 17. Rfb1 Rfb8 18. Qf1 g5 19. Qc1 Rxb1 20. Rxb1 Rxb1 21.
Qxb1 g4 22. Qb8+ Kg7 23. Qxc7 gxf3 24. Qxc6 Qg5 0-1

[Event "7th Sunway Sitges 2020"]
[Site "Sitges ESP"]
[Date "2020.12.20"]
[Round "7.30"]
[White "Llopis de Aysa, Manuel"]
[Black "Siebrecht, Sebastian"]
[Result "0-1"]
[WhiteTitle "CM"]
[BlackTitle "GM"]
[WhiteElo "2093"]
[BlackElo "2429"]
[WhiteFideId "2203162"]
[BlackFideId "4609352"]
[EventDate "2020.12.13"]

1. d4 g6 2. e4 Bg7 3. c4 c5 4. d5 d6 5. Nf3 Nf6 6. Nc3 O-O 7. h3 b5 8. cxb5 a6
9. a4 Nbd7 10. Be3 Ne8 11. Be2 Nc7 12. O-O Rb8 13. Qd2 Nf6 14. e5 Nfe8 15. Bh6
axb5 16. Bxg7 Nxg7 17. Bxb5 Nxb5 18. Nxb5 Ba6 19. exd6 exd6 20. b4 Bxb5 21. axb5
Rxb5 22. bxc5 Rxc5 23. Rfc1 Nf5 24. Ng5 Re8 25. Ra7 Re7 26. Rxe7 Qxe7 27. Rxc5
dxc5 28. Nf3 Qd6 29. Ng5 Qe5 30. Nf3 Qe4 31. d6 Qb1+ 32. Kh2 Qb8 33. Qc3 Qxd6+
34. g3 Qd5 35. Nd2 h5 36. h4 Nd4 37. Nc4 Nf3+ 38. Kh3 Nd2 0-1

[Event "7th Sunway Sitges 2020"]
[Site "Sitges ESP"]
[Date "2020.12.20"]
[Round "7.31"]
[White "Bulmaga, Irina"]
[Black "Martin Barcelo, Carles"]
[Result "1-0"]
[WhiteTitle "IM"]
[WhiteElo "2424"]
[BlackElo "2179"]
[WhiteFideId "13903063"]
[BlackFideId "24561444"]
[EventDate "2020.12.13"]

1. e4 e6 2. d4 d5 3. Nc3 Nf6 4. Bg5 dxe4 5. Nxe4 Be7 6. Bxf6 gxf6 7. Qd2 a6 8.
O-O-O b5 9. g4 h5 10. Bg2 hxg4 11. Qc3 c6 12. h3 gxh3 13. Rxh3 Rxh3 14. Nxh3 b4
15. Qg3 Nd7 16. Nd6+ Bxd6 17. Qxd6 Bb7 18. Bxc6 Bxc6 19. Rg1 Nf8 20. Qxc6+ Ke7
21. Qb7+ Ke8 22. Rg7 Nd7 23. Qxb4 Qe7 24. Rg8+ Nf8 25. Qa4+ Kd8 26. Nf4 Qd6 27.
Nd3 Ke7 28. Qb4 Qxb4 29. Nxb4 a5 30. Nc6+ Kd6 31. Nxa5 Rxa5 32. Rxf8 Ke7 33. Rg8
Rxa2 34. Rg3 Kd6 35. Rf3 f5 36. Ra3 Rxa3 37. bxa3 Kd5 38. c3 Kc4 39. Kc2 f4 40.
a4 f6 41. Kd2 e5 42. dxe5 fxe5 43. f3 1-0

[Event "7th Sunway Sitges 2020"]
[Site "Sitges ESP"]
[Date "2020.12.20"]
[Round "7.32"]
[White "Travadon, Loic"]
[Black "Papadiamandis, Elliot"]
[Result "1/2-1/2"]
[WhiteTitle "IM"]
[BlackTitle "CM"]
[WhiteElo "2421"]
[BlackElo "2134"]
[WhiteFideId "26092131"]
[BlackFideId "36074160"]
[EventDate "2020.12.13"]

1. e4 c5 2. Nf3 d6 3. d4 cxd4 4. Nxd4 Nf6 5. Nc3 a6 6. Rg1 e5 7. Nb3 Be6 8. g4
h6 9. h4 Nc6 10. g5 hxg5 11. hxg5 Nh5 12. g6 Nf6 13. gxf7+ Bxf7 14. Bg5 Qd7 15.
Bxf6 gxf6 16. Nd5 Bxd5 17. Qxd5 Ne7 18. Qd3 Bh6 19. Rd1 O-O-O 20. Rg3 Kb8 21.
Nc5 Qc8 22. Nxa6+ bxa6 23. Qa3 Qc6 24. Bxa6 Qxe4+ 25. Kf1 Bd2 26. Qb3+ Bb4 27.
f3 Qf4 28. c4 Nc6 29. Qa4 Rh1+ 30. Kg2 Rg1+ 31. Rxg1 Qd2+ 32. Kf1 Qe1+ 33. Kg2
Qd2+ 34. Kf1 Qe1+ 35. Kg2 Qd2+ 36. Kf1 Qe1+ 37. Kg2 Qd2+ 38. Kf1 Qe1+ 39. Kg2
Qd2+ 1/2-1/2

[Event "7th Sunway Sitges 2020"]
[Site "Sitges ESP"]
[Date "2020.12.20"]
[Round "7.33"]
[White "Yu, Jennifer"]
[Black "Silva, Pedro Gil Ferreira Da"]
[Result "1-0"]
[WhiteTitle "FM"]
[WhiteElo "2328"]
[BlackElo "2100"]
[WhiteFideId "2078341"]
[BlackFideId "1946102"]
[EventDate "2020.12.13"]

1. d4 Nf6 2. c4 e6 3. Nc3 Bb4 4. e3 Bxc3+ 5. bxc3 c5 6. Bd3 Nc6 7. Nf3 d6 8. O-O
e5 9. d5 Ne7 10. Qc2 Ng6 11. Ng5 Nh4 12. f4 h6 13. fxe5 dxe5 14. Nf3 Nxf3+ 15.
Rxf3 O-O 16. e4 Ne8 17. Be3 b6 18. Qf2 Qe7 19. Rg3 Kh7 20. Qf3 Nd6 21. Qh5 Qe8
22. Rxg7+ Kxg7 23. Bxh6+ Kh7 24. Bg5+ Kg8 25. Bf6 1-0

[Event "7th Sunway Sitges 2020"]
[Site "Sitges ESP"]
[Date "2020.12.20"]
[Round "7.34"]
[White "Esplugas Esteve, Vicenc"]
[Black "Guillo Longares, Cecilia"]
[Result "1-0"]
[WhiteTitle "FM"]
[BlackTitle "WFM"]
[WhiteElo "2319"]
[BlackElo "2089"]
[WhiteFideId "22200789"]
[BlackFideId "32082681"]
[EventDate "2020.12.13"]

1. e4 c5 2. Nf3 Nc6 3. Bb5 g6 4. Bxc6 dxc6 5. d3 Bg7 6. h3 Nf6 7. Nc3 Nd7 8. Be3
e5 9. Qd2 Qe7 10. Bh6 f6 11. Bxg7 Qxg7 12. O-O Nf8 13. Ne2 Ne6 14. Nh2 g5 15. a3
Nd4 16. b4 cxb4 17. Nxd4 exd4 18. Qxb4 g4 19. Qxd4 gxh3 20. g3 O-O 21. Nf3 Qg4
22. Qe3 f5 23. Ne5 Qg7 24. f4 Re8 25. Rae1 Be6 26. Kh2 Kh8 27. Qf3 Rg8 28. Rg1
Qf6 29. exf5 Bxf5 30. g4 Be6 31. f5 Bd5 32. Qf4 Qh4 33. c4 Bg2 34. Nf7+ Kg7 35.
Ng5 Rae8 36. f6+ Kf8 37. Qd6+ 1-0

[Event "7th Sunway Sitges 2020"]
[Site "Sitges ESP"]
[Date "2020.12.20"]
[Round "7.36"]
[White "Ortega Serra, Marc"]
[Black "Maloberti, David"]
[Result "1-0"]
[WhiteElo "2288"]
[BlackElo "2076"]
[WhiteFideId "2293137"]
[BlackFideId "620149"]
[EventDate "2020.12.13"]

1. d4 Nf6 2. c4 g6 3. Nc3 Bg7 4. e4 d6 5. f4 O-O 6. Nf3 c5 7. d5 e6 8. dxe6 Bxe6
9. Bd3 Nc6 10. f5 Bc8 11. O-O Ng4 12. Nd5 Nd4 13. h3 Nxf3+ 14. Qxf3 Ne5 15. Qg3
Nxd3 16. Qxd3 Bd4+ 17. Be3 Bxb2 18. Rab1 Be5 19. f6 Re8 20. Bg5 b6 21. Kh1 Bb7
22. Ne7+ Kh8 23. Qf3 Qd7 24. Rbe1 Ba6 25. Nxg6+ fxg6 26. f7 Qe6 27. fxe8=Q+ Rxe8
28. Qa3 Bxc4 29. Rf3 a5 30. Qa4 Bg7 31. a3 d5 32. e5 d4 33. Qc2 Bd5 34. Rg3 Qf5
35. Qc1 Rxe5 36. Rf1 Qe6 37. Bh6 Bf6 38. Kg1 c4 39. Qf4 Rf5 40. Qb8+ Qg8 41.
Qxb6 Rxf1+ 42. Kxf1 Qd8 43. Qxd8+ Bxd8 44. Rg4 Bb6 45. Rg5 Be4 46. Rb5 Ba7 47.
Rxa5 Bb6 48. Rb5 Ba7 49. Re5 Bd3+ 50. Kf2 Kg8 51. Re7 1-0

[Event "7th Sunway Sitges 2020"]
[Site "Sitges ESP"]
[Date "2020.12.20"]
[Round "7.37"]
[White "Souhardo, Basak"]
[Black "Catarineu Morales, Alex"]
[Result "1-0"]
[WhiteElo "2276"]
[BlackElo "1992"]
[WhiteFideId "35092910"]
[BlackFideId "22220534"]
[EventDate "2020.12.13"]

1. e4 c5 2. Nf3 d6 3. d4 cxd4 4. Nxd4 Nf6 5. Nc3 a6 6. Be2 e5 7. Nb3 Be7 8. O-O
O-O 9. a4 Be6 10. Bf3 Nc6 11. Nd5 Bxd5 12. exd5 Nb8 13. Nd2 Nbd7 14. a5 Rc8 15.
Re1 Qc7 16. c4 b6 17. axb6 Qxb6 18. b3 Nc5 19. Ba3 a5 20. Qc2 Nfd7 21. Bg4 g6
22. Bxc5 Nxc5 23. Bxc8 Rxc8 24. Ra3 f5 25. Qc3 Bd8 26. Rea1 Nb7 27. Rb1 Nc5 28.
b4 Ne4 29. Nxe4 fxe4 30. Rxa5 e3 31. fxe3 Bg5 32. Ra3 Qc7 33. b5 Qb6 34. Ra6
Bxe3+ 35. Kh1 Qc5 36. Rc6 Rxc6 37. dxc6 Bd4 38. Qb3 1-0

[Event "7th Sunway Sitges 2020"]
[Site "Sitges ESP"]
[Date "2020.12.20"]
[Round "7.38"]
[White "Csiki, Endre"]
[Black "Shatil, Shir"]
[Result "1-0"]
[WhiteTitle "FM"]
[WhiteElo "2231"]
[BlackElo "1920"]
[WhiteFideId "775126"]
[BlackFideId "2828278"]
[EventDate "2020.12.13"]

1. e4 e6 2. d4 d5 3. Nd2 Nf6 4. e5 Nfd7 5. Bd3 c5 6. c3 Nc6 7. Ngf3 Be7 8. O-O
a5 9. Re1 cxd4 10. cxd4 Qb6 11. a3 g5 12. h3 h5 13. Nf1 Nxd4 14. Nxg5 Nc5 15.
Be3 Ndb3 16. Rb1 Bd7 17. h4 d4 18. Bf4 Nxd3 19. Qxd3 Qb5 20. Qh3 Rc8 21. Ng3 Bc6
22. N3e4 Nc5 23. Nd6+ Bxd6 24. exd6 Bd5 25. b4 Nd3 26. Nxe6 Bxe6 27. Rxe6+ Kf8
28. Bh6+ Rxh6 29. Rxh6 Rc2 30. Qg3 Qe5 31. Qxd3 1-0

[Event "7th Sunway Sitges 2020"]
[Site "Sitges ESP"]
[Date "2020.12.20"]
[Round "7.39"]
[White "Mayrhuber, Nikola"]
[Black "Degardin, Sylvain"]
[Result "1/2-1/2"]
[WhiteTitle "WFM"]
[WhiteElo "1998"]
[BlackElo "2227"]
[WhiteFideId "1637819"]
[BlackFideId "20623070"]
[EventDate "2020.12.13"]

1. d4 Nf6 2. c4 e6 3. Nf3 d5 4. g3 Bb4+ 5. Nbd2 O-O 6. Bg2 dxc4 7. Qc2 a5 8.
Qxc4 b6 9. a3 Be7 10. Qc2 Ba6 11. Ng5 Ra7 12. Ndf3 c5 13. Bf4 cxd4 14. Rd1 d3
15. exd3 h6 16. h4 Qd5 17. Nxf7 Rxf7 18. Bxb8 Ra8 19. Bf4 Nh5 20. O-O Nxf4 21.
gxf4 Rxf4 22. Nh2 Qd8 23. Bxa8 Qxa8 24. Qc7 Rf7 25. Qxb6 Bxh4 26. Qxe6 Qa7 27.
Nf3 Qe7 28. Qxa6 Rxf3 29. Qa8+ Rf8 30. Qd5+ Kh8 31. f4 Qe3+ 32. Kh1 Qh3+ 33. Kg1
Qe3+ 34. Kh1 Qh3+ 35. Kg1 1/2-1/2

[Event "7th Sunway Sitges 2020"]
[Site "Sitges ESP"]
[Date "2020.12.20"]
[Round "7.40"]
[White "Donate Moreno, Silvia"]
[Black "Eden, James"]
[Result "0-1"]
[BlackTitle "IM"]
[WhiteElo "1903"]
[BlackElo "2323"]
[WhiteFideId "24581887"]
[BlackFideId "666491"]
[EventDate "2020.12.13"]

1. e4 e5 2. Nf3 Nc6 3. Bb5 a6 4. Ba4 Nf6 5. O-O Be7 6. Re1 b5 7. Bb3 O-O 8. h3
d6 9. c3 Na5 10. Bc2 c5 11. d4 Nd7 12. Nbd2 exd4 13. cxd4 Nc6 14. Nf1 Bf6 15.
Be3 Bb7 16. Ng3 g6 17. Rc1 Re8 18. Bb1 Rc8 19. b3 Qe7 20. Qd2 h5 21. d5 Nce5 22.
Nh2 Nb6 23. Ne2 Ned7 24. f4 Nxd5 25. Bxc5 dxc5 26. exd5 Qe3+ 27. Qxe3 Rxe3 28.
Kf2 Rce8 29. Nf1 R3e7 30. f5 Kg7 31. fxg6 fxg6 32. Nfg3 Bg5 33. Rc3 Bd2 34. Rd3
Bxe1+ 35. Kxe1 h4 0-1

[Event "7th Sunway Sitges 2020"]
[Site "Sitges ESP"]
[Date "2020.12.20"]
[Round "7.41"]
[White "Ezquerro Luque, Albert"]
[Black "Garcia Gimenez, Santiago"]
[Result "0-1"]
[WhiteElo "2101"]
[BlackElo "2300"]
[WhiteFideId "2276682"]
[BlackFideId "32063350"]
[EventDate "2020.12.13"]

1. e4 e5 2. Nc3 Nf6 3. g3 Bc5 4. Bg2 Nc6 5. Nge2 a6 6. O-O d6 7. d3 O-O 8. h3
Be6 9. Kh2 d5 10. f4 d4 11. Nb1 Ne8 12. f5 Bd7 13. g4 Be7 14. Nd2 Nd6 15. Nf3 f6
16. c3 dxc3 17. bxc3 Be8 18. h4 Bf7 19. Be3 b5 20. Ng3 a5 21. g5 Kh8 22. Qe2 Re8
23. Rfd1 Qc8 24. Ne1 b4 25. c4 Nb7 26. Nh5 Rg8 27. Bh3 Qe8 28. Ng3 Bc5 29. Bc1
Nd4 30. Qg4 h5 31. Nxh5 Bxh5 32. Qg2 Bxd1 33. g6 Bh5 34. Bg4 Bxg6 35. fxg6 Qxg6
36. h5 Qh7 37. Nf3 g6 38. h6 Nd6 39. Qh3 Rae8 40. Nxd4 Bxd4 41. Rb1 f5 42. Bg5
Rgf8 43. exf5 gxf5 44. Bh5 Re6 45. Rh1 Nf7 46. Bc1 Nxh6 47. Kg2 Ref6 48. Kf1 f4
49. Bg4 Rg8 50. Be6 Rxe6 51. Qxe6 Qxd3+ 52. Ke1 Bc3+ 53. Kf2 Qg3+ 54. Ke2 Qg2+
55. Kd3 Rd8+ 0-1

[Event "7th Sunway Sitges 2020"]
[Site "Sitges ESP"]
[Date "2020.12.20"]
[Round "7.42"]
[White "Tadevosyan, Aspet"]
[Black "Perez Bolanos, David"]
[Result "0-1"]
[WhiteElo "2184"]
[BlackElo "2068"]
[WhiteFideId "24526134"]
[BlackFideId "24564400"]
[EventDate "2020.12.13"]

1. d4 Nf6 2. c4 e6 3. Nc3 Bb4 4. Nf3 h6 5. Qc2 O-O 6. e4 d6 7. e5 Nfd7 8. Bf4 c5
9. a3 Bxc3+ 10. bxc3 dxe5 11. dxe5 Nc6 12. Bd3 Qc7 13. Qe2 Rd8 14. Qe4 Nf8 15.
g4 b6 16. Rg1 Bb7 17. Qe3 Ne7 18. h4 b5 19. h5 Qa5 20. Rc1 bxc4 21. Bxc4 Qa4 22.
Nd2 Rxd2 23. Qxd2 Qxc4 24. g5 Nf5 25. gxh6 Nh4 26. Rg3 Nf3+ 27. Rxf3 Bxf3 28.
hxg7 Qe4+ 29. Kf1 Kxg7 30. Kg1 Qf5 31. Bg3 Qxh5 32. Bh2 Qg4+ 33. Bg3 Ng6 0-1